The Athletic Brain : How Neuroscience is Revolutionising Sport and Can Help you Perform Better

Bibliographic Details
Main Author: Katwala, Amit (Author)
Format: Book
Language:English
Published: London : Simon & Schuster 2016
Subjects:

MARC

LEADER 00000cam a2200000 7i4500
001 0000120949
005 20170217.0
008 170217r nyu 0 eng
020 |a 9781471156496 
040
090 0 0 |a 158   |b KAT 
100 1 |a Katwala, Amit ,   |e author 
245 1 0 |a The Athletic Brain :   |b How Neuroscience is Revolutionising Sport and Can Help you Perform Better   |c Amit Katwala 
264 3 1 |a London :   |b Simon & Schuster   |c 2016 
300 |a 357 pages :   |b illustrations ;   |c 24 cm. 
336 |a text, rdacontent 
337 |a unmediated  |2 rdamedia 
338 |a volume  |2 rdacarrier 
650 0 0 |a Athletes 
650 0 0 |a Brain 
650 0 0 |a Neurosciences 
650 0 0 |a Self-actualization (Psychology) 
999 |a 0000416282   |b Buku   |c Rak Terbuka   |e Perbadanan Perpustakaan Awam Melaka